| 000 | 01628ngm a22003250a 4500 | ||
|---|---|---|---|
| 001 | PT35952 | ||
| 003 | AR-LpoUNG | ||
| 005 | 20210202000453.0 | ||
| 007 | vd cvaizq | ||
| 008 | 191001s2005||||ag |||||||||||||||||spa d | ||
| 037 | _c$8.91 | ||
| 040 |
_aAR-LpoUNG _bspa _cAR-LpoUNG _eaacr |
||
| 041 | _aspa | ||
| 044 | _aag | ||
| 082 | 0 | _a982.065 316rub | |
| 100 | 1 |
_aCarri, Albertina _edir. |
|
| 245 | 1 | 4 | _aLos rubios |
| 260 |
_aBuenos Aires : _bSBP, _c2005. |
||
| 300 | _aDVD : son., col. | ||
| 505 | 0 | _aHecha en 2003. - Intérpretes, Analía Couceyro. - Creditos : Guión, Albertina Carri; producción, Albertina Carri y Barry Ellsworth; producción ejecutiva, Pablo Wisznia; jefe de producción, Paola Pelzmajer; asistente de dirección, Marcelo Zanelli y Santiago Giralt; fotografía, Catalina Fernández; cámara, Carmen Torres y Albertina Carri; montaje, Alejandra Almirón; música, Gonzalo Córdoba; sonido, Jésica Suárez; temas musicales, Ryuchi Sakamoto y Charly García. | |
| 520 | _aLos rubios es un recorrido por diversos estados de la memoria a partir de la ausencia de los padres de la protagonista. Fragmentos, fantasías, relatos y fotos dan forma a una realidad que pertenece al pasado y se proyecta en el presente. Un equipo de filmación a la deriva, una actriz y unos Playmobiles felices construyen el universo fracturado en que la protagonista descubre una y otra vez lo imposible de la memoria. | ||
| 650 | 4 | _aDICTADURA | |
| 650 | 4 | _aGOBIERNO MILITAR | |
| 651 | 4 | _aArgentina | |
| 653 | _aCINE ARGENTINO | ||
| 653 | _aREPRESION | ||
| 653 | _aVIDEOS | ||
| 905 | _a35952 | ||
| 942 | _cDVD | ||
| 999 |
_c54923 _d54923 |
||